Turismo, desarrollo, arquitectura : (Registro nro. 30153)

Detalles MARC
000 -LEADER
campo de control de longitud fija 04430cam a22005174i 4500
003 - IDENTIFICADOR DE NÚMERO DE CONTROL
campo de control PE-LiUPU
005 - FECHA Y HORA DE LA ÚLTIMA TRANSACCIÓN
campo de control 20250731183413.0
008 - DATOS DE LONGITUD FIJA--INFORMACIÓN GENERAL
campo de control de longitud fija 181119s2013 sp a rb 001 0 spa
020 ## - NÚMERO INTERNACIONAL ESTÁNDAR DEL LIBRO
Número Internacional Estándar del Libro 9788447214877(Universidad de Sevilla)
020 ## - NÚMERO INTERNACIONAL ESTÁNDAR DEL LIBRO
Número Internacional Estándar del Libro 9788480950107(Consejeria de Fomento y Vivienda)
035 ## - NÚMERO DE CONTROL DEL SISTEMA
Número de control de sistema (Sirsi) a250673
040 ## - FUENTE DE CATALOGACIÓN
Centro catalogador/agencia de origen PE-LiUPU
Lengua de catalogación spa
Centro/agencia transcriptor PE-LiUPU
Normas de descripción rda
049 ## - FONDOS LOCALES (OCLC)
Biblioteca depositaria PRUA
082 04 - NÚMERO DE LA CLASIFICACIÓN DECIMAL DEWEY
Número de clasificación 711
Cutter R88
Número de edición 20
100 1# - ENTRADA PRINCIPAL--NOMBRE DE PERSONA
Nombre de persona Royo Naranjo, Lourdes,
Término indicativo de función/relación autor.
245 10 - MENCIÓN DEL TÍTULO
Título Turismo, desarrollo, arquitectura :
Resto del título la aventura de la modernidad /
Mención de responsabilidad, etc. Lourdes Royo Naranjo.
250 ## - MENCION DE EDICION
Mención de edición Primera edición.
264 #1 - PRODUCCIÓN, PUBLICACIÓN, DISTRIBUCIÓN, FABRICACIÓN Y COPYRIGHT
Producción, publicación, distribución, fabricación y copyright Sevilla :
Nombre del de productor, editor, distribuidor, fabricante Universidad de Sevilla, Consejería de Fomento y Vivienda,
Fecha de producción, publicación, distribución, fabricación o copyright 2013.
300 ## - DESCRIPCIÓN FÍSICA
Extensión 333 páginas :
Otras características físicas ilustraciones ;
Dimensiones 24 centímetros.
336 ## - TIPO DE CONTENIDO
Término de tipo de contenido text
Fuente rdacontent
337 ## - TIPO DE MEDIO
Nombre/término del tipo de medio unmediated
Fuente rdamedia
338 ## - TIPO DE SOPORTE
Nombre/término del tipo de soporte volume
Fuente rdacarrier
490 0# - MENCIÓN DE SERIE
Mención de serie Kora ;
Designación de volumen o secuencia 25
504 ## - NOTA DE BIBLIOGRAFÍA, ETC.
Nota de bibliografía, etc. Bibliografía : páginas 309-322.
504 ## - NOTA DE BIBLIOGRAFÍA, ETC.
Nota de bibliografía, etc. Índice : páginas 323-333.
505 0# - NOTA DE CONTENIDO CON FORMATO
Nota de contenido con formato Introducción -- Primeros pasos -- El estado de la cuestión: análisis de los estudios precedentes y punto de partida -- Escala del análisis: justificación geográfica y temporal -- Encuadre general del estudio. Turismo, desarrollo y modernidad -- El turismo como factor de desarrollo. Bases teóricas de un proceso de modernización -- El turismo como fenómeno. Marco conceptual de un "hecho social total" -- Primeras notas de una historia de viajes y descubrimientos: turismo, paisaje y Mediterráneo -- Cambios y transformaciones litorales: el turismo como protagonista -- La cultura del baño. Aproximaciones a una arquitectura de sol y playa -- La arquitectura del turismo: la definición de un nuevo modelo en la construcción moderna del espacio turístico -- Instrumentos de política turística: la planificación turística en España entre 1930 y 1980 -- Los touroperadores y la sistematización moderna del turismo como negocio. Breves notas sobre un factor determinante de modernización -- Turismo y Málaga. Una historia de amor a primera vista -- El fenómeno turístico en la provincia de Málaga. ¿Hacia la formulación de una nueva arquitectura? -- Los inicios del desarrollo turístico y el nacimiento de la Costa del Sol -- El auge del turismo de Málaga y la especialización de la costa en los años sesenta -- El turismo de masas como objeto de estudio. Distintas miradas a un mismo fenómeno -- Procesos turísticos en la costa de Málaga entre 1970 y 1980 la profesionalización del sector -- La planificación turística en la Costa del Sol entre 1930 y 1980. Instrumentos de control para un proceso descontrolado -- Procesos turísticos, transformaciones y configuración de la costa de Málaga -- De ciudad balneario a centro de la Costa del Sol: el papel de la ciudad de Málaga en la historia del turismo de costa -- La Costa del Sol Occidental. Un modelo de apropiación turística -- La Costa del Sol Oriental. Desequilibrios e intereses de un proceso turístico no demandado -- Transformaciones territoriales y paisajistas de la Costa del Sol -- Imagen y publicidad en la construcción moderna de la Costa del Sol -- La promoción del turismo en la Costa del Sol -- Notas para la historia de la Costa del Sol: la configuración de un modelo turístico espacial cuestionado y la definición de un territorio turístico.
526 ## - NOTA DE INFORMACIÓN SOBRE EL PROGRAMA DE ESTUDIO
Nombre del programa Maestría Bim Facility Management (A distancia)
526 ## - NOTA DE INFORMACIÓN SOBRE EL PROGRAMA DE ESTUDIO
Nombre del programa
526 ## - NOTA DE INFORMACIÓN SOBRE EL PROGRAMA DE ESTUDIO
Nombre del programa Educación musical y artes
526 ## - NOTA DE INFORMACIÓN SOBRE EL PROGRAMA DE ESTUDIO
Nombre del programa Educación, especialidad educación física
526 ## - NOTA DE INFORMACIÓN SOBRE EL PROGRAMA DE ESTUDIO
Nombre del programa Arquitectura
541 ## - NOTA DE FUENTE DE ADQUISICIÓN DIRECTA
-- 002-00000605;
596 ## -
-- 1
650 04 - PUNTO DE ACCESO ADICIONAL DE MATERIA--TÉRMINO DE MATERIA
Término de materia o nombre geográfico como elemento de entrada Turismo y urbanismo
Subdivisión geográfica Costa del Sol
Subdivisión de forma Historia.
650 04 - PUNTO DE ACCESO ADICIONAL DE MATERIA--TÉRMINO DE MATERIA
Término de materia o nombre geográfico como elemento de entrada Turismo
Subdivisión general Planificación
Subdivisión geográfica España
-- Andalucía.
650 04 - PUNTO DE ACCESO ADICIONAL DE MATERIA--TÉRMINO DE MATERIA
Término de materia o nombre geográfico como elemento de entrada Turismo
Subdivisión general Aspecto del medio ambiente
Subdivisión geográfica España
-- Andalucía.
650 04 - PUNTO DE ACCESO ADICIONAL DE MATERIA--TÉRMINO DE MATERIA
Término de materia o nombre geográfico como elemento de entrada Ordenación del territorio
Subdivisión geográfica España
-- Andalucía.
650 04 - PUNTO DE ACCESO ADICIONAL DE MATERIA--TÉRMINO DE MATERIA
Término de materia o nombre geográfico como elemento de entrada Desarrollo sostenible
Subdivisión geográfica España
-- Andalucía.
650 04 - PUNTO DE ACCESO ADICIONAL DE MATERIA--TÉRMINO DE MATERIA
Término de materia o nombre geográfico como elemento de entrada Arquitectura moderna
Subdivisión cronológica Siglo XXI
Subdivisión geográfica España
-- Andalucía.
710 1# - ENTRADA AGREGADA--NOMBRE DE ENTIDAD CORPORATIVA
Nombre de entidad corporativa o nombre de jurisdicción como elemento de entrada Andalucía.
Unidad subordinada Junta.
-- Consejería de Fomento y Vivienda.
710 2# - ENTRADA AGREGADA--NOMBRE DE ENTIDAD CORPORATIVA
Nombre de entidad corporativa o nombre de jurisdicción como elemento de entrada Universidad de Sevilla.
Unidad subordinada Secretariado de Publicaciones.
910 ## - DATOS DE OPCIÓN DEL USUARIO (OCLC)
Datos de opción del usuario dbm
-- csm
-- csm
-- 20181119
942 ## - ELEMENTOS DE ENTRADA SECUNDARIOS (KOHA)
Fuente del sistema de clasificación o colocación Clasificación Decimal Dewey
Tipo de ítem Koha
994 ## -
-- C0
-- PEPRU
999 ## - NÚMEROS DE CONTROL DE SISTEMA (KOHA)
-- DEWEY
-- 79148
-- 2021-11-9
-- 4
-- CCODEBUL1
-- BUL
-- 28.16
-- 0
-- Y
-- BOOK
-- 2018-11-16
-- INGENIERIA
-- P06
-- COMPRA
-- FCOMPR2
-- .STAFF. Colección Ingeniería y Arquitectura
980 ## - EQUIVALENCIA O REFERENCIA-CRUZADA-MENCIÓN DE SERIE--NOMBRE DE PERSONA/TÍTULO [LOCAL, CANADÁ]
ID del último usuario que modificó el registro 1
Nombre del último usuario que modificó el registro ALBERTO SANCHEZ Responsable de Automatización
Existencias
Visto por última vez Número de inventario Total de préstamos Signatura topográfica completa Código de barras Copia número Coste, precio de reemplazo Fecha de reemplazo Facultad Tipo de ítem Koha Nota pública Estado de pérdida Fuente del sistema de clasificación o colocación Restricciones de uso No para préstamo Colección Programa académico Biblioteca de origen Biblioteca actual Ubicación en estantería Fecha de adquisición Fuente de adquisición Coste, precio normal de compra
2025-12-03 5   711 R88 79148 e1 33.16 2018-11-16 FIA Libros físicos inventario-2023-12-13 No Perdido Clasificación Decimal Dewey No restringido Disponible para préstamos Colección General Arquitectura Biblioteca CRAI UPeU Lima Biblioteca CRAI UPeU Lima Sala principal 2018-11-16 COMPRA 28.16